| 000 | 00441nmm a2200145Ia 4500 | ||
|---|---|---|---|
| 008 | 251105s9999||||xx |||||||||||||||||und|| | ||
| 041 | _aspa | ||
| 100 | _aCornwell, Bernard | ||
| 245 | 0 | _aNorthumbria, el último reino. Sajones, vikingos y normandos I | |
| 264 |
_a[Madrid, España] : _bEdhasa, _c2015 |
||
| 300 | _a446 páginas | ||
| 650 | _aHistorical fiction | ||
| 856 | _uhttps://public.digitaliapublishing.com/a/40155 | ||
| 942 | _cCF | ||
| 999 |
_c105762 _d105762 |
||